01488nam a22001937a 4500003000400000005001700004008004100021040002400062100004700086245024400133260003600377300004400413502021300457504005300670505037300723700003901096700004401135830011501179OSt20190808204919.0170502b xxu||||| |||| 00| 0 esp d cRCAAaDO-SdBJHbspa1 aFeliz Morillo, Rafael Obdulioesustentante10aEstudio evolutivo de las legislaciones de Derecho Internacional Humanitario vinculante a República Dominicana, en el período 1949-2014 / cRafael Obdulio Feliz Morillo, asesores Julio César Rodríguez, Rafael Antonio Quezada Pérez aSanto Domingo :bINSUDE, c2015 axvii, 89 páginas, cuadros, gráficos aTesis (Especialidad en Derechos Humanos y Derecho Internacional Humanitario) -- Instituto Superior para la Defensa (INSUDE). Escuela de Graduados en Derechos Humanos y Derecho Internacional Humanitario, 2015 aIncluye referencias bibliográficas e índices aDescripción del origen del Derecho Internacional Humanitario, mecanismos nacionales e internacionales de aplicación del Derecho Internacional Humanitario, análisis de la evolución del marco legislativo del Derecho Internacional Humanitario vinculante a República Dominicana: acuerdos, tratados o convenios que ha firmado y ratificado en el periodo 1949-2014.1 aRodríguez, Julio Césareasesor1 aQuezada Pérez, Rafael Antonioeasesor aINSUDE. Escuela de Graduados en Derechos Humanos y Derecho Internacional Humanitario. Tesis y disertaciones.